The actual, states of Japanese industries immediately after the Japanese government's adoption of the floating exchange rate system

Shranjeno v:
Bibliografske podrobnosti
Format: Knjiga
Jezik:Undetermined
Izdano: Tokyo Japan External Trade Organization 1971
Teme:
Oznake: Označite
Brez oznak, prvi označite!
Thư viện lưu trữ: Trung tâm Học liệu Trường Đại học Cần Thơ
LEADER 00514nam a2200145Ia 4500
001 CTU_79353
008 210402s9999 xx 000 0 und d
082 |a 338.9 
082 |b A188 
245 4 |a The actual, states of Japanese industries immediately after the Japanese government's adoption of the floating exchange rate system 
260 |a Tokyo 
260 |b Japan External Trade Organization 
260 |c 1971 
650 |a Economic development,Industry 
980 |a Trung tâm Học liệu Trường Đại học Cần Thơ